Who Said That? (Macbeth) Quiz Stats

 Plays Quiz Updated Jan 25, 2016

Score 0/17 Timer 04:00
0 Plays Today
Quote Character % Correct
'A little water clears us of this deed.'Lady Macbeth
92.2%
'Double, Double toil and trouble...'Witches
89.8%
'Is this a dagger which I see before me...'Macbeth
84.5%
'She should have died hereafter...'Macbeth
82.7%
'...Look like the innocent flower, But be the serpent under't'Lady Macbeth
78.4%
'Fair is foul, and foul is fair.'Witches
75%
'Will all great Neptune's ocean wash this blood clean from my hand?'Macbeth
66.4%
'Out damned spot! out, I say!'Lady Macbeth
66.3%
'Thou hast it now: King, Cawdor, Glamis, all...and I fear 'Thou play’dst most foully for’t'Banquo
59.8%
Quote Character % Correct
'Thou canst not say I did it: never shake thy gory locks at me.'Macbeth
56.3%
'What, all my pretty chickens and their dam, At one fell swoop?'Macduff
53.2%
'Hail King, for so thou art.'Macduff
50.7%
There's no art, To find the mind's construction in the face.'King Duncan
36.3%
'Nothing in his life, Became him like the leaving it.'Malcolm
34.7%
'It provokes the desire, but it takes away the performance.'Porter
30.5%
'Angels are bright still, thought the brightest fell.'Malcolm
25.9%
'All you have done, Hath been but for a wayward son.'Hecate
13.8%

You're not logged in!

Compare scores with friends on all Sporcle quizzes.
OR
Log In

Sporcle TV

Today on Sporcle TV


Watch our educational content, quiz creation guides, and fun videos on Sporcle TV.

Show Comments

Extras

Top Quizzes Today


Score Distribution

Your Account Isn't Verified!

In order to create a playlist on Sporcle, you need to verify the email address you used during registration. Go to your Sporcle Settings to finish the process.

Report this User

Report this user for behavior that violates our Community Guidelines.

Details: